Rubberisationte bhavi karshakarude kaiyil (Record no. 68264)

MARC details
000 -LEADER
fixed length control field 00274nam a2200109Ia 4500
245 #0 - TITLE STATEMENT
Title Rubberisationte bhavi karshakarude kaiyil
260 ## - PUBLICATION, DISTRIBUTION, ETC. (IMPRINT)
Name of publisher Rubber Mithram
Year of publication 1999
300 ## - PHYSICAL DESCRIPTION
Number of Pages 24-25
650 ## - SUBJECT ADDED ENTRY--TOPICAL TERM
Topical Term Rubberisation
942 ## - ADDED ENTRY ELEMENTS (KOHA)
Koha item type Journals
Holdings
Withdrawn status Lost status Damaged status Not for loan Home library Current library Shelving location Date acquired Serial Enumeration / chronology Koha item type
      Journals RRII Library RRII Library Rubber general 17/12/2021 Volume, Issue Aug Journals